Famous Football Players Picture Quiz - Uruguay - Statistics

General Stats
  • This quiz has been taken 600 times
    453 since last reset
  • The average score is 8 of 15
Answer Stats
Picture Answer % Correct
Luis Suárez
100%
Edinson Cavani
94%
Diego Forlán
91%
Diego Godín
83%
Fernando Muslera
69%
José Giménez
55%
Martín Cáceres
50%
Rodrigo Bentancur
50%
Rodrigo Bentancur
50%
Sebastian Coates
44%
Matias Vecino
28%
Diego Lugano
25%
Maxi Pereira
25%
Álvaro Pereira
24%
Álvaro Recoba
22%
No matching quizzes found
Score Distribution
Percent of People with Each Score
Percentile by Number Answered
Your Score History
You have not taken this quiz since the last reset